000 00503cam a22001457a 4500
008 180718b1967 xxu||||| |||| 00| 0 eng d
082 _aF5x5431 K151
100 _aJammu and Kashmir. Commission of Inquiry
245 _aReport of the Commission of Inquiry
_cby Home Department, Jammu and Kashmir
260 _aSrinagar
_bThe author
_c1967
300 _a720+p.
500 _aChairman: N. Rajagopala Ayyangar
700 _aJammu and Kashmir. Home Department
700 _aRajagopala Ayyangar, N. (Chairman)
999 _c489221
_d489221